Croatia 2026 World Cup Squad - Statistics

General Stats
  • This quiz has been taken 10 times
  • The average score is 12 of 27
Answer Stats
Hint Answer % Correct
MF Luka Modric
100%
DF Josko Gvardiol
78%
MF Mateo Kovacic
78%
GK Dominik Livakovic
67%
FW Ivan Perisic
56%
DF Luka Vuskovic
56%
FW Andre Kramaric
44%
DF Duje Caleta-Car
44%
DF Josip Stanisic
44%
FW Marco Pasalic
44%
MF Mario Pasalic
44%
MF Nikola Vlasic
44%
Zlatko Dalic
44%
FW Ante Budimir
33%
GK Dominik Kotarski
33%
FW Igor Matanovic
33%
DF Josip Sutalo
33%
MF Luka Sucic
33%
DF Marin Pongracic
33%
MF Martin Baturina
33%
DF Martin Erlic
33%
MF Petar Sucic
33%
GK Ivor Pandur
22%
MF Kristijan Jakic
22%
MF Nikolo Moro
22%
FW Petar Musa
22%
MF Toni Fruk
22%
No matching quizzes found
Score Distribution
Percent of People with Each Score
Percentile by Number Answered
Your Score History
You have not taken this quiz